Suport al finançament : programa de Crèdit Local : memòria anual 2009 programa de Crèdit Local :
Publicado:
Barcelona :
Diputació de Barcelona. Àrea d'Hisenda i Recursos Interns. Direcció de Serveis de Planificació Econòmica. Servei de Programació ,
2010
Descripción Física:
132 p. : gràfics, quadres, taules ; 29 cm
MARC
| LEADER | 00000nam a2200000Ia 4500 | ||
|---|---|---|---|
| 001 | 23842 | ||
| 008 | 160829s2010 xx 000 0 cat d | ||
| 080 | |a Bib-71 | ||
| 245 | |a Suport al finançament : |b programa de Crèdit Local : |b memòria anual 2009 | ||
| 260 | |a Barcelona : |b Diputació de Barcelona. Àrea d'Hisenda i Recursos Interns. Direcció de Serveis de Planificació Econòmica. Servei de Programació, |c 2010 | ||
| 300 | |a 132 p. : |b gràfics, quadres, taules ; |c 29 cm | ||
| 650 | 0 | |a Finances locals |z Barcelona (Província) |v Estadístiques |9 50430 | |
| 710 | |a Barcelona (Catalunya : Província). |b Servei de Programació |9 53631 | ||
| 901 | |a Arxiu | ||
| 942 | |n 1 | ||
| 952 | |0 0 |1 0 |4 0 |6 BIB71 |7 1 |9 56028 |a Arxiu |b Arxiu |d 2016-12-01 |l 0 |o Bib-71 |p 23842 |r 2016-12-01 00:00:00 |w 2016-12-01 |y ARXIU | ||
| 999 | |c 59902 |d 59902 | ||